| 000 | 00616nam a2200217 a 4500 | ||
|---|---|---|---|
| 005 | 20240924071125.0 | ||
| 008 | 040421s2001 es r 000 0 spa d | ||
| 020 | _a8466302824 | ||
| 035 | _aUPN01000132950 | ||
| 049 | _aCG | ||
| 050 | 4 |
_aPQ6503 A4 _bD6.6 |
|
| 100 | 1 |
_aAlas, Leopoldo, _d1852-1901 |
|
| 245 | 1 | 0 |
_aDoña Berta / _cLeopoldo Alas Clarín. |
| 260 |
_aMadrid : _bSuma de Letras, _c2001. |
||
| 300 | _a125 p. | ||
| 440 | 0 |
_aPunto de lectura : _v200.1 |
|
| 500 | _a"Obras maestras de la novela corta" | ||
| 650 | 4 |
_aLiteratura española _95069 |
|
| 650 | 4 |
_aNovela española _910814 |
|
| 905 | _aLibro | ||
| 999 |
_c105103 _d105103 |
||